Capitales sans les lettres de "Bichkek" - Statistiques

Statistiques générales
  • Ce quiz a été pris 8 fois
  • Le résultat moyen est 10 sur 22
Statistiques - réponses
Continents Capitales % Correct
Asie Astana
71%
Afrique Maputo
71%
Europe Oslo
71%
Amérique du Nord Panama
71%
Afrique Porto-Novo
71%
Asie Damas
57%
Afrique Luanda
57%
Asie Manama
57%
Afrique Asmara
43%
Afrique Dodoma
43%
Amérique du Nord Managua
43%
Amérique du Nord Ottawa
43%
Afrique Ouagadougou
43%
Asie Sanaa
43%
Amérique du Nord San Salvador
43%
Océanie Suva
43%
Asie Vaduz
43%
Asie Amman
29%
Amérique du Nord Nassau
29%
Asie Pyongyang
29%
Océanie Tarawa-Sud
29%
Océanie Majuro
14%
Aucun quiz correspondant
Distribution des résultats
% des personnes avec chaque résultat
Percentile par nombre de réponses
Votre historique - résultats
Vous n’avez pas pris ce quiz